header

There's something happening here (Record no. 70572)

MARC details
000 -LEADER
fixed length control field 01373nam a2200313Ia 4500
082 04 - DEWEY DECIMAL CLASSIFICATION NUMBER
Classification number 363.25/931/097309046
100 1# - MAIN ENTRY--AUTHOR NAME
Personal name Cunningham, David,
245 10 - TITLE STATEMENT
Title There's something happening here
260 ## - PUBLICATION, DISTRIBUTION, ETC. (IMPRINT)
Place of publication Berkeley :
Name of publisher University of California Press,
Year of publication c2004.
300 ## - PHYSICAL DESCRIPTION
Number of Pages xvi, 366 p. :
Other physical details ill.
650 #0 - SUBJECT ADDED ENTRY--TOPICAL TERM
Topical Term Intelligence service
Topical Term New Left
Topical Term Hate groups
856 40 - ELECTRONIC LOCATION AND ACCESS
Uniform Resource Identifier http://site.ebrary.com/lib/rucke/Doc?id=10057133

No items available.

© 2026 Rongo University
Contact us: librarian | system librarian | Rongo university